| 000 | 00892nam a2200253Ia 4500 | ||
|---|---|---|---|
| 003 | OSt | ||
| 005 | 20220923224741.0 | ||
| 006 | a|||||r|||| 00| 0 | ||
| 007 | ta | ||
| 008 | 220922b |||||||| |||| 00| 0 hin d | ||
| 024 | _a249,484 | ||
| 037 | _cTextual | ||
| 040 |
_aARTS _cARTS _bhin |
||
| 041 |
_2hin _ahin |
||
| 082 | _aO152,1:gN, L5 | ||
| 100 | _aशुक्ल, मत्स्येन्द्र | ||
| 245 | 0 | _aकविता का आधुनिक परिप्रेक्ष्य | |
| 246 | _aKavitā kā ādhunik pariprekṣhya | ||
| 260 |
_aसुलतानपुर _b सम्भावना प्रकाशन _c1975 |
||
| 300 |
_a195पृ. _ccm. |
||
| 650 |
_aहिन्दी साहित्य _9156264 |
||
| 942 |
_hO152,1:gN, L5 _cTEXL _2CC |
||
| 999 |
_c373401 _d373401 |
||